Les meilleurs buteurs en sélection nationale au 21ème siècle - Statistiques

Statistiques générales
  • Ce quiz a été pris 240 fois
  • Le résultat moyen est 16 sur 20
Statistiques - réponses
Buts Pays Joeurs % Correct
128 Portugal Cristiano Ronaldo
100%
106 Argentine Messi
100%
79 Brésil Neymar
100%
62 Brésil Ronaldo
97%
80 Belgique Lukaku
96%
56 France Giroud
95%
81 Pologne Lewandowski
93%
65 Côte d'Ivoire Drogba
92%
68 Uruguay Suarez
92%
62 Suède Ibrahimovic
91%
58 Uruguay Cavani
89%
56 Cameroun Eto'o
86%
61 Angleterre Kane
86%
65 Bosnie-Herzégovine Dzeko
78%
59 Espagne Villa
78%
71 Allemagne Klose
76%
68 Irlande Keane
56%
57 Serbie Mitrovic
41%
57 USA Donovan
36%
57 USA Dempsey
32%
Aucun quiz correspondant
Distribution des résultats
% des personnes avec chaque résultat
Percentile par nombre de réponses
Votre historique - résultats
Vous n’avez pas pris ce quiz